000 00416nam a22001451a 4500
082 _aM2
_bRAM/I
100 _aRamakantan Kilimanoor
_9106675
245 _aIphijenia/
_cby Ramakantan Kilimanoor
260 _aKottayam:
_bSahitya Pravartaka Co-operative Society,
_c1982.
300 _a55p.
650 _aDrama Malayalam
_9106676
650 _aLiterature Malayalam
_9106677
650 _aLiterature
_9106678
942 _cBK
999 _c20936
_d20936